000 00434nam a2200169Ia 4500
008 230524s9999 xx 000 0 und d
020 _a8177585657
082 _a174.4
_bFER
100 _aA.C.Fernando
245 0 _a"Corporate Governance : Principles, Policies & Practices"
250 _a3RD
260 _aNEW DELHI
_bPearson
_c2008
300 _aVIII;422
500 _aQuantity Number: 25
650 _aManagement
942 _cBK
999 _c40447
_d40447